000 00701nam a2200217 i 4500
001 133477
003 ES-MaACL
005 20250808062536.0
007 t|
008 070816s1955 sp ||||1| spa d
100 1 _aDe Wohl, Louis.
_943085
245 1 0 _aSin pecado original
_b: novela /
_cLouis de Wohl ; versión española de Carlos Sáinz de Gragéda ; prólogo de Félix López de Munain.
260 _aSan Sebastián :
_bDinor,
_c1955.
300 _a315 p. ;
_c19 cm.
490 1 _aPrisma
700 1 _aLópez de Munain, Félix.
_973574
700 1 _aSáinz de Gragéda, Carlos.
_9101581
830 0 0 _aPrisma
_9180749
852 _aES-MaACL
_jC-10504
_bR.38312
999 _c133477
_d133477